000 00517nam a22001697a 4500
005 20251108172532.0
008 250721s2002 xx 000 0 ara d
082 1 4 _a573.4/حمو
100 1 _aحمود، محمد حسن
245 1 0 _aعلم الغدد الصماء /
264 1 _aعمان :
_bالأهلية للنشر والتوزيع،
_c2002.
300 _a307 ص.
650 1 7 _aعلم الغدد الصماء
650 1 7 _aعلم الغدد الصماء العصبي
942 _2ddc
_cBK
999 _c81845
_d81845